书目信息 |
| 题名: |
历届诺贝尔文学奖获得者诗歌金库
|
|
| 作者: | 何香久 选编 | |
| 分册: | ||
| 出版信息: | 北京 人民日报出版社 1998.1 |
|
| 页数: | 1183页 | |
| 开本: | 21cm | |
| 丛书名: | ||
| 单 册: | ||
| 中图分类: | I12 | |
| 科图分类: | ||
| 主题词: | 文学--作品集--世界 | |
| 电子资源: | ||
| ISBN: | 7-80002-950-6 | |
| 000 | 00623nam0 2200205 45 | |
| 001 | 0003200905 | |
| 005 | 20040525151949.2 | |
| 010 | @a7-80002-950-6@b精装@dCNY72.80 | |
| 100 | @a20000320d1998 km y0chiy0120 ea | |
| 101 | @achi | |
| 105 | @a z 000yy | |
| 200 | 1 | @a历届诺贝尔文学奖获得者诗歌金库@ALi Jie Nuo Bei Er Wen Xue Jiang Huo De Zhe Shi Ge Jin Ku@e(1901--1996)@f何香久选编 |
| 210 | @a北京@c人民日报出版社@d1998.1 | |
| 215 | @a1183页@d21cm | |
| 517 | @a(1901--1996) | |
| 606 | 0 | @a文学@x作品集@y世界 |
| 690 | @aI12@v1 | |
| 701 | @a何香久@4选编 | |
| 801 | @aCN@bTSTC@c20000320 | |
| 905 | @dI12@e224@f4@b286132-135 | |
| 历届诺贝尔文学奖获得者诗歌金库:(1901--1996)/何香久选编.-北京:人民日报出版社,1998.1 |
| 1183页;21cm |
| ISBN 7-80002-950-6(精装):CNY72.80 |
| ● |
| 相关链接 |
|
|
|
|
正题名:历届诺贝尔文学奖获得者诗歌金库
索取号:I12/224
 
预约/预借
| 序号 | 登录号 | 条形码 | 馆藏地/架位号 | 状态 | 备注 |
| 1 | 0286134 | 002861344 | 第二借阅区/ [索取号:I12/224] | 在馆 |